Vappu visa - Statistics

Yleistilastot
  • Tätä visaa on pelattu 55 kertaa
  • Keskiarvotulos 9 / 16
Vastaustilastot
Kysymys Vastaus % Oikein
Mistä drinkistä lauletaan Käärijän kappaleessa Cha Cha Cha? Pina Colada
100%
Mistä seuraavista ei tarvita siman valmistukseen? Luumu
92%
Kenen nimipäivä EI ole 1.5? Vanamo
85%
Mitä kaupunkia EI mainita JVGn kappaleessa Ikuinen vappu? Lahti
77%
Vappujuhla on rantautunut Suomeen Ruotsista, jossa sitä juhlittiin perinteisesti syömällä ja juomalla paljon. Mikä seuraavista herkuista ei kuulu vappuun? Pasha
77%
Juontaja Vappu Pimiä on Suomen tunnetuimpia Vappuja. Mitä seuraavista tv-ohjelmista hän ei ole juontanut? Idols
69%
Mitä Ranskassa myydään joka kadunkulmassa vappuna? Kieloja
62%
Miksi vappuna poltetaan kokkoja? Uskomusten mukaan se karkottaa pahoja henkiä
62%
Laki Vapunpäivän järjestämisestä työntekijöiden vapaapäiväksi Suomessa annettiin 1944
54%
Vappuna 1971 avattiin yleisölle Näsinneula
54%
Jos tippaleivästäsi tuli löllöä, mikä todennäköisesti meni valmistuksessa pieleen? Paistoöljy ei ollut tarpeeksi kuumaa.
54%
Helsingissä lakitetaan Ville Vallgrenin veistämä Havis Amanda, joka on ollut paikallaan vuodesta 1908
46%
Funnel cake nimellä tunnetaan Yhdysvalloissa leivonnainen, joka muistuttaa? Tippaleipää
38%
Minä vuonna 1.5. vappupäivästä eli suomalaisen työn päivästä tuli virallinen liputuspäivä? 1979
23%
Millä vuosikymmenellä vappupallot eli ilmapallot yleistyivät Suomessa? 1920-luvulla
8%
Vapun nimi tulee Valburgista, pyhimyksestä, joka oli syntyjään Englantilainen
0%
Ehtoja vastaavia visoja ei löytynyt
Tulosjakauma
Jokaisen tuloksen saaneiden osuus
Persentiili vastausten määrän mukaan
Tuloshistoriasi
Et ole pelannut tätä visaa